les 100 meilleurs jeux video depuis 2000 - Statistiques

Statistiques générales
  • Ce quiz a été pris 55 fois
  • Le résultat moyen est 16 sur 100
Statistiques - réponses
score Developpeur Plateforme Genre date reponse % Correct
97 Rockstar PC Ps3 Xbox 360 Ps4 Xbox One Ps5 Xbox series Open World Action 2013 Grand Theft Auto V
74%
98 Rockstar PC Ps3 Xbox 360 Open World Action 2008 Grand Theft Auto IV
57%
93 Nintendo GBA Course 2001 Mario Kart: Super Circuit
55%
95 Rockstar Ps3 Xbox 360 Open World Action 2010 Red Dead Redemption
53%
95 Rockstar Ps2 Xbox PC Open World Action 2004 Grand theft auto : San andreas
47%
96 From software Ps4 Xbox one PC PS5 Xbox series Open World Action RPG 2022 Elden ring
45%
93 Mojang PC Xbox 360 Ps3 Xbox one Ps4 Switch Wii U 3DS Mobile Ps Vita Sandbox Survie 2012 Minecraft
45%
97 Nintendo Wii U Switch Open World Action 2017 The legend of zelda : Breath of the wild
45%
94 SCE Santa Monica Ps4 PC Action aventure beat them up 2018 God of war
43%
94 SCE Santa Monica Ps2 Ps3 Action beat them up 2005 God of war
43%
97 Rockstar PS2 Xbox PC Open World Action 2001 Grand Theft Auto III
43%
97 Rockstar Ps4 Xbox one PC Open World Action 2018 Red Dead Redemption 2
40%
95 Bioware PC RPG 2000 Baldur's gates II
38%
95 Naughty Dogs Ps3 Ps4 TPS Action aventure 2013 The last of us
36%
97 Bungie Xbox PC FPS 2001 Halo Combat evolved
34%
94 SCE Santa Monica Ps5 PC Action aventure 2022 God of War: Ragnarok
30%
95 Rockstar Ps2 Xbox PC Open World Action 2002 Grand theft auto : Vice city
30%
94 cd projekt Ps4 Xbox One PC Switch Open World Action RPG 2015 The Witcher 3: Wild Hunt
28%
96 Konami Ps2 Action aventure 2001 Metal Gear Solid 2
26%
93 NaughtyDogs PS4 PS5 Action Aventure 2020 The last of us Part 2
26%
94 Infinity ward Xbox 360 Ps3 PC FPS 2007 Call of Duty 4: Modern Warfare
23%
97 Nintendo Wii Switch Plateforme 2007 Super Mario Galaxy
23%
93 Nintendo Switch Plateforme Fighting 2018 Super Smash Bros. Ultimate
23%
96 Nintendo Switch Open World Action RPG 2023 The Legend of Zelda: Tears of the Kingdom
23%
94 Asobi Ps5 Plateforme 2024 Astro bot
21%
99 Larian Studio PC Ps5 Xbox series RPG 2023 Baldur's Gate 3
21%
96 Capcom Gamecube Ps2 Wii PC Ps4 Xbox one TPS Survial Horror 2005 Resident evil 4
21%
93 Naughty Dogs Ps4 TPS Action Aventure 2016 Uncharted 4
21%
93 SCE Santa Monica Ps2 Ps3 Action aventure beat them up 2007 God of War II
19%
97 Nintendo Gamecube Wii Switch FPA 2002 Metroid Prime
19%
97 Nintendo Wii Switch Plateforme 2010 Super Mario Galaxy 2
19%
96 Bethesda PC Ps3 Xbox 360 Ps4 Xbox One Ps5 Xbox series Switch Open World Action RPG 2011 The Elder Scrolls V: Skyrim
19%
96 Naughty Dogs Ps3 TPS 2009 Uncharted 2
19%
94 Infinity ward Xbox 360 Ps3 PC FPS 2009 Call of Duty: Modern Warfare 2
17%
94 Square soft Ps1 J RPG 2000 Final Fantasy IX
17%
95 Atlus Ps4 Xbox one Ps5 Xbox Series Switch PC J RPG 2022 Persona 5 royale
17%
93 Nintendo Wii Plateforme Fighting 2008 Super Smash Bros. Brawl
17%
96 Nintendo Wii Gamecube WII U Action aventure 2006 The Legend of Zelda: Twilight Princess
17%
93 Supergiant Games PC Switch Ps4 Ps5 Xbox One Xbox series Action RPG 2021 Hades
15%
95 Bungie Xbox PC FPS 2004 Halo 2
15%
94 Capcom Xbox 360 Ps3 Arcade Versus Fighting 2009 Street Fighter IV
15%
94 Capcom Ps2 Action beat them up 2001 Devil may cry
13%
95 Polyphony Digital Ps2 Sim racing 2001 Gran Turismo 3: A-Spec
13%
94 Bungie Xbox 360 FPS 2007 Halo 3
13%
95 Konami Xbox one Ps4 PC Open World Action Infiltration 2015 Metal Gear Solid V: The Phantom Pain
13%
93 Ubisoft Xbox Ps2 Gamecube PC Infiltration 2002 Splinter Cell
13%
94 Ubisoft Xbox Ps2 Gamecube PC Infiltration 2005 Splinter Cell: Chaos Theory
13%
93 Ubisoft Xbox ps2 Gamecube PC Infiltration 2004 Splinter Cell Pandora Tomorrow
13%
97 Nintendo Switch Plateforme 2017 Super Mario Odyssey
13%
96 2K Ps3 Xbox 360 PC FPS 2007 Bioshock
11%
94 Extremely OK Games Ps4 Xbox One Switch PC Plateforme 2018 Celeste
11%
94 Epic Games Xbox 360 TPS 2006 Gears of war
11%
95 Supergiant Games Switch 2 Action RPG 2025 Hades II
11%
96 Valve PC Xbox FPS 2004 Half life 2
11%
95 Media Molecule Ps3 Plateforme 2008 Little big planet
11%
93 Atlus PsVita PC Xbox One Ps4 Switch J RPG 2012 Persona 4 Golden
11%
93 Namco Ps2 Gamecube Xbox Versus Fighting 2003 Soul Calibur II
11%
96 Bungie Xbox 360 Ps3 PC TPS RPG 2010 Mass Effect 2
9%
95 Valve Pc Ps3 Xbox 360 Puzzle 2011 Portal 2
9%
94 Bethesda Xbox 360 Ps3 PC Open World Action RPG 2006 The Elder Scrolls IV: Oblivion
9%
95 Nintendo Nintendo 64 Action aventure 2000 The Legend of Zelda : Majora's mask
9%
96 Nintendo Gamecube Wii u Action aventure 2003 The Legend of Zelda: The wind waker
9%
93 Beat Games PC PSVR Rythme VR 2018 Beat Saber
6%
94 2K Xbox 360 Ps3 PC FPS 2013 Bioshock infinite
6%
94 Square soft Ps1 J RPG 2000 Crono cross
6%
93 Bioware PC Xbox 360 Ps3 Action RPG 2012 Mass Effect 3
6%
93 Moon Studios Xbox one Xbox series PC Switch Metroidvania 2020 Ori and the Will of the Wisps
6%
97 Rare N64 FPS 2000 Perfect Dark
6%
94 Bioware Xbox PC RPG 2003 Star Wars: Knights of the Old Republic
6%
93 Nintendo Wii Switch Action Aventure 2011 The Legend of Zelda: Skyward Sword
6%
96 Rocksteady Xbox 360 Ps3 PC Xbox One Ps4 Open World Action 2011 Batman Arkham city
4%
94 Criterion Ps2 Xbox Course 2004 Burnout 3: Takedown
4%
97 ZA/UM PC RPG 2020 Disco elysium
4%
94 Konami Ps2 Infiltration 2006 Metal Gear Solid 3: Subsistence
4%
93 ID Software Dreamcast PC FPS 2000 Quake III Arena
4%
94 Sid Meier PC Simulation 4X 2005 Sid Meier's Civilization IV
4%
93 Hazelight Studios PC PS5 Xbox series Switch 2 Plateforme 2025 Split Fiction
4%
93 Nintendo Wii u Switch Plateforme 2013 Super Mario 3D World
4%
93 Toby Fox PC PS4 Xbox One Switch RPG 2015 Undertale
4%
93 Jonathan Blow Xbox 360 Ps3 PC Plateforme 2008 Braid
2%
93 Relic Entertainment PC RTS 2006 Compagny of Heroes
2%
93 Bethesda PC Xbox 360 Ps3 RPG FPS 2008 Fallout 3
2%
93 Epic Games Xbox 360 TPS 2008 Gears of war 2
2%
94 Konami Ps3 Infiltration 2008 Metal Gear Solid 4: Guns of the Patriots
2%
94 Atlus PS5 Xbox series PC J RPG 2024 Metaphor: ReFantazio
2%
93 Clover Studio Ps2 Wii Action Aventure 2006 Okami
2%
93 Capcom Ps5 Xbox series PC TPS Survial Horror 2023 Resident evil 4 remake
2%
93 Harmonix Xbox 360 Ps3 Wii Rythme 2010 Rock Band 3
2%
93 Blizzard PC RTS 2012 Starcraft II: Wings of Liberty
2%
93 Epic Games PC FPS 2004 Unreal Tournament 2004
2%
93 Capcom Gamecube Ps2 beat them up 2003 Viewtiful Joe
2%
94 Sega Ps2 Versus Fighting 2002 Virtua Fighter 4
2%
93 Larian Studio PC RPG 2017 Divinity: Original Sin II
0%
93 Rockstar DS PSP Open World Action 2009 Grand Theft Auto: Chinatown Wars
0%
93 Valve PC VR VR FPS 2020 Half life Alyx
0%
94 Sega Dreamcast Action aventure 2000 Jet Set Radio
0%
94 Team Ninja Xbox Action beat them up 2005 Ninja Gaiden Black
0%
94 Capcom Dreamcast Survival horror 2000 Resident Evil Code: Veronica
0%
93 Overworks Dreamcast J RPG 2000 Skies of Arcadia
0%
93 Crows Crows Crows, Galactic Cafe PC PS4 PS5 Xbox One Xbox Series FPA 2022 The Stanley Parable: Ultra Deluxe
0%
Aucun quiz correspondant
Distribution des résultats
% des personnes avec chaque résultat
Percentile par nombre de réponses
Votre historique - résultats
Vous n’avez pas pris ce quiz